| 000 | 00813nac a22003010a 4500 | ||
|---|---|---|---|
| 001 | PT52245 | ||
| 003 | AR-LpoUNG | ||
| 005 | 20210201005516.0 | ||
| 008 | 201001s2013||||ag |||||||||||||||||spa d | ||
| 020 |
_a9789876291064 _c$4 |
||
| 040 |
_aAR-LpoUNG _bspa _eaacr |
||
| 041 | _aspa | ||
| 044 | _aag | ||
| 082 | 0 | _aA863 827v1 | |
| 100 | 1 | _aCortázar, Julio | |
| 245 | 1 | 3 | _aLa vuelta al día en ochenta mundos |
| 250 | _a1ra. ed. | ||
| 260 |
_aBuenos Aires : _bSiglo Veintiuno, _cnoviembre 2013. |
||
| 300 |
_a182 p. : _bil. _a(2 _fVolúmenes) _3Impreso |
||
| 490 | 0 | _aLa vuelta al día en ochenta mundos | |
| 650 | 4 | _aARGENTINA | |
| 650 | 4 | _aCUENTOS | |
| 650 | 4 | _aLITERATURA | |
| 651 | 4 | _aDOCUMENTOS TEORICOS O METODOLOGICOS | |
| 653 | _aLITERATURA ARGENTINA | ||
| 905 | _a52245 | ||
| 942 | _cLSALA | ||
| 999 |
_c49958 _d49958 |
||